Normal view
MARC view
Entry Personal Name
001 - CONTROL NUMBER
- control field: 8973
003 - CONTROL NUMBER IDENTIFIER
- control field: ARRUPE
005 - DATE AND TIME OF LATEST TRANSACTION
- control field: 20140226165348.0
008 - FIXED-LENGTH DATA ELEMENTS
- fixed length control field: 140226|| aca||aabn | a|a d
040 ## - CATALOGING SOURCE
- Original cataloging agency: ARRUPE
- Transcribing agency: ARRUPE
100 ## - HEADING--PERSONAL NAME
- Personal name: Isichei, Elizabeth Allo.
670 ## - SOURCE DATA FOUND
- Source citation: Work cat.: (ARRUPE)0: Isichei, Elizabeth Allo., A history of Nigeria /, 1983.